Southville International School and Colleges
Your cart is empty.
  • Cart
  • Lists
    Public lists Eva Luna New books Lux_list list_1
    Your lists Log in to create your own lists
  • Log in to your account
  • Your cookies
  • Search history
Southville International School and Colleges
  • Advanced search
  • Recent comments
  • Most popular
  • Libraries

Log in to your account

Log in with GOOGLE


If you do not have an external account, but do have a local account, you can still log in:

  1. Home
  2. MARC view: The Cobra Indian lager good curry restaurant guide
Normal view MARC view ISBD view

The Cobra Indian lager good curry restaurant guide (Record no. 10189)

[ view plain ]
MARC details
000 -LEADER
fixed length control field 00536nam a22001817a 4500
003 - CONTROL NUMBER IDENTIFIER
control field OSt
005 - DATE AND TIME OF LATEST TRANSACTION
control field 20140310182200.0
008 - FIXED-LENGTH DATA ELEMENTS--GENERAL INFORMATION
fixed length control field 130902t xxu||||| |||| 00| 0 eng d
020 ## - INTERNATIONAL STANDARD BOOK NUMBER
International Standard Book Number 0861887894
050 ## - LIBRARY OF CONGRESS CALL NUMBER
Classification number TX 551
Item number .C657 1991
082 ## - DEWEY DECIMAL CLASSIFICATION NUMBER
Classification number HS 647.95
Item number Co63 1991
245 ## - TITLE STATEMENT
Title The Cobra Indian lager good curry restaurant guide
Statement of responsibility, etc Pat Chapman.
260 ## - PUBLICATION, DISTRIBUTION, ETC. (IMPRINT)
Place of publication, distribution, etc London :
Name of publisher, distributor, etc The Curry Club,
Date of publication, distribution, etc c1991.
300 ## - PHYSICAL DESCRIPTION
Extent 287 p. ;
Other physical details ill. ;
Dimensions 20 cm.
650 ## - SUBJECT ADDED ENTRY--TOPICAL TERM
Topical term or geographic name as entry element Restaurants
General subdivision Bars, etc.--Gt. Britain
9 (RLIN) 16202
942 ## - ADDED ENTRY ELEMENTS (KOHA)
Source of classification or shelving scheme Library of Congress Classification
Koha item type
Holdings
Withdrawn status Lost status Source of classification or shelving scheme Damaged status Home library Current library Shelving location Date acquired Total Checkouts Full call number Barcode Date last seen Copy number Price effective from Koha item type
    Library of Congress Classification   Luxembourg Library Luxembourg Library High School Section 09/02/2013   TX 551 .C657 1991 2726 09/02/2013 1 09/02/2013 Books

The Cobra Indian lager good curry restaurant guide

APA

(1991). The Cobra Indian lager good curry restaurant guide. London: The Curry Club.

Chicago

1991. The Cobra Indian lager good curry restaurant guide. London: The Curry Club.

Harvard

(1991). The Cobra Indian lager good curry restaurant guide. London: The Curry Club.

MLA

The Cobra Indian lager good curry restaurant guide. London: The Curry Club. 1991.

  • Place hold
  • Print
  • Cite
  • Add to your cart (remove)
  • Save record
    BIBTEX Dublin Core MARCXML MARC (non-Unicode/MARC-8) MARC (Unicode/UTF-8) MARC (Unicode/UTF-8, Standard) MODS (XML) RIS
  • More searches
    Search for this title in:
    Other Libraries (WorldCat) Other Databases (Google Scholar) Online Stores (Bookfinder.com) Open Library (openlibrary.org)

Exporting to Dublin Core...

SOUTHVILLE LIBRARY

Southville International School and Colleges Library

1281 Tropical Ave. Cor. Luxembourg St., BF Homes International, Las Pinas City

Tel. No. 8256374 / 252358 Loc. 117/146

Powered by Koha